Health effects of the Costa Rican economic crisis /

Estudia los efectos y repercusiones que ha tenido la crisis económica de Costa Rica en el sector de salud pública. Según el artículo, para 1981-1982, la crisis todavía no había logrado calar en el sector salud, debido a la estabilidad y organización que hasta ese momento se había logrado, en lo que...

全面介绍

Guardado en:
书目详细资料
主要作者: Edelman, Marc
其他作者: Kenen, Joanne
格式: 未知
语言:English
出版: Nueva York: Grove Weidenfeld; 1989.
主题:
标签: 添加标签
没有标签, 成为第一个标记此记录!

MARC

LEADER 00000 a2200000 04500
001 1839
003 cru IIS
005 20211124112506.0
008 991231s1989 nyu eng d
020 |a 0-8021-1081-9 
040 |a Centro de Recursos para el Aprendizaje y la Investigación  |b español  |c cru IIS 
090 |a 04.03.01 E22c 
100 |a Edelman, Marc  
245 |a Health effects of the Costa Rican economic crisis /   |c Lynn M. Morgan 
260 |a Nueva York:   |b Grove Weidenfeld;   |c 1989. 
300 |a páginas 218-220 
500 |a Colección Centroamérica 
520 |a Estudia los efectos y repercusiones que ha tenido la crisis económica de Costa Rica en el sector de salud pública. Según el artículo, para 1981-1982, la crisis todavía no había logrado calar en el sector salud, debido a la estabilidad y organización que hasta ese momento se había logrado, en lo que se denomina uno de los mejores modelos de salud del continente. Sin embargo, los efectos de los programas de austeridad impuestos por los organismos internacionales, empezaban a minar las bases del sistema, de tal manera que los indicadores empezaron a decaer y los programas de salud primaria fueron cancelados. Se concluye que el gobierno de la república debe buscar y crear los mecanismos necesarios para conservar los niveles de salud alcanzados, a pesar de las imposiciones externas. AB/JM  
650 |a ANALISIS ECONOMICO   |0 TESAUROS 
650 |a SALUD PUBLICA   |0 TESAUROS 
650 |a CONDICIONES DE SALUD   |0 TESAUROS 
650 |a ECONOMIA DE LA SALUD   |0 TESAUROS 
650 |a ATENCION PRIMARIA DE LA SALUD   |0 TESAUROS 
650 |a PLANIFICACION DE LA SALUD   |0 TESAUROS 
650 |a POLITICA DE SALUD   |0 TESAUROS 
700 |a Kenen, Joanne;  
773 0 |g páginas 218-220 
852 1 1 |a 04.03.01 E22c 
942 |2 ddc  |c LI  |h 04.03.01 E22c  |k 04.03.01  |m E22c  |6 040301_E22C 
999 |c 1988  |d 1988 
773 0 |0 43851  |9 5999  |a Edelman, Marc  |d Nueva york: Grove Weidenfeld; 1989  |o 09267  |t The Costa Rica Reader /   |z 0-8021-1081-9